| 000 | 01852nam a2200325 i 4500 | ||
|---|---|---|---|
| 003 | DO-SdBNP | ||
| 005 | 20260520121331.0 | ||
| 007 | ta | ||
| 008 | 260210b2025 dr a|||| |||| 00| 0 spa d | ||
| 020 | _a9789945224283 | ||
| 040 |
_aDO-SdBNP _bspa _cBNPHU _erda |
||
| 041 | _aspa | ||
| 082 | 4 |
_aRD863.44 _bG241L _222 |
|
| 100 | 1 |
_aGarrido Jansen, Luis Rafael _eautor _4aut. _988995 |
|
| 245 | 1 | 4 |
_aLos cuentos de Quico el azuano : _bnostalgias barriales y algo más / _cLuis Rafael Garrido Jansen ; revisión técnica, Ángela Garrido ; ilustración, Margarita Lora |
| 264 | 4 |
_aSanto Domingo, República Dominicana : _bEditora Búho, S.R.L., _c©2025. |
|
| 300 |
_a155 páginas : _bilustraciones ; _c23 cm. |
||
| 336 |
_atexto _btxt _2rdacontent |
||
| 337 |
_asin mediación _bn _2rdamedia |
||
| 338 |
_avolumen _bnc _2rdacarrier |
||
| 500 | _aIncluye datos biográficos de autor en las solapas | ||
| 505 | _aPrólogo, Ángela Garrido, 11 -- Presentación, 13 -- La tinta verdiazul del cobre curó a Minina, 15 -- El lema del viejo Ruperto: «Educación-canción, Educación-canción», 25 -- El lunes, el diablo se llevó a Buán Andújar, 33 -- Al hijo de Nigel se lo tragó la tierra, 49 -- Cascarrabias y desfleques masivos de «machetes», 63 -- Dos chichones en la cabeza, 81 -- Prepado florido y monetario-Esa cosa rara le cayó al dulcero Pedro, 89 -- Coba azul, Lipo y el engaño de menor valor monetario en el mundo entero, 103 -- ¡Por ahí no, ya te dije que no! Cuento rimado, 125 -- Amasada la masa del Pavo, y esa masa producirá más masa sana, 129 | ||
| 590 | _aInventariado, 2026 /LP | ||
| 650 | 7 |
_aCuetos dominicanos _2LEMB _929464 |
|
| 650 | 7 |
_aLiteratura dominicana _2LEMB |
|
| 700 | 1 |
_aGarrido, Ángela, _erevisión _4rev. _989233 |
|
| 700 | 1 |
_aLora, Margarita, _eilustrador _4il. _989234 |
|
| 910 | _aLP | ||
| 942 |
_2ddc _cLBS1 |
||
| 999 |
_c60289 _d60289 |
||